000 00688nam a22002177a 4500
005 20160921145738.0
010 _aENG-116067
020 _c620.00
_a9789339220907
020 _a9339220900
_c620.00
035 _aEN-99599
037 _bDBAD/PUB
082 _a535
100 _aGhatak, Ajoy
245 _aOptics /
_cby Ajoy Ghatak
250 _a6th edition
260 _aNoida
_bMcGraw Hill Education
_c2017
270 _aB-4, Sector - 63, Gautam Budh Nagar,
_bNoida (UP)
_e201301
300 _avarious pagings :
_c26cm(pbk)
_bcoloured and black & white ill.
500 _aincludes bibliographical references and suggested readings
942 _2ddc
_cEN
_mGHA
_h535
999 _c103512
_d103512